Statistics for भारतीय सामान्य ज्ञान | Indian General Knowledge

Click here to take the quiz!

General Stats

  • This quiz has been taken 21 times
  • The average score is 15 of 20

Answer Stats

QuestionAnswer% Correct
सबसे ज्यादा बोली जाने वाली भाषाहिंदी
100%
सबसे ऊंची पर्वत श्रृंखलाहिमालय
100%
ताजमहल इस शहर में स्थित हैआगरा
100%
पहले राष्ट्रपतिडॉ राजेंद्र प्रसाद
95%
सबसे बड़ा धर्महिन्दू
95%
सबसे उत्तरी राज्यजम्मू और कश्मीर
90%
"द ग्रेट इंडियन डेजर्ट" के रूप में भी जाना जाता है |थार
90%
सबसे छोटी अवस्थागोवा
85%
पश्चिम बंगाल की राजधानीकोलकाता
85%
पहला मुगल शासकबाबर
85%
इस शहर में गंगा और यमुना मिलती हैं |प्रयागराज
80%
भारत की सिलिकॉन वैलीबेंगलुरु
80%
शासकों और योद्धाओं से संबंधित वर्ण |क्षत्रिय
80%
पड़ोसी देशों की संख्या7
70%
हाइडेस्पेस की लड़ाई, पोरस ने इस राजा के खिलाफ लड़ाई लड़ीसिकंदर
65%
राष्ट्रीय पशुबाघ
65%
दूसरी सबसे ज्यादा बोली जाने वाली भाषाबंगाली
60%
प्रायद्वीपीय भारत की सबसे लंबी नदीगोदावरी
45%
सबसे दक्षिणी स्थान (मुख्य भूमि)केप कोमोरिन
25%
चूक का सिद्धांत किसके द्वारा शुरू किया गया था?लॉर्ड डलहौजी
10%

Score Distribution

Percentile by Number Answered

Percent of People with Each Score

Your Score History

You have not taken this quiz